[Event "ETCC Open 2023"]
[Site "Budva"]
[Date "2023.11.17"]
[Round "6.29"]
[White "Bacrot, Etienne"]
[Black "Fedoseev, Vladimir"]
[Result "1-0"]
[WhiteElo "2668"]
[BlackElo "2675"]
[Annotator "TA"]
[PlyCount "88"]
[EventDate "2023.11.10"]
[EventType "team-tourn"]
[EventCountry "MNE"]
[SourceTitle "playchess.com"]
[Source "ChessBase"]
[SourceQuality "1"]
[WhiteTeam "France"]
[BlackTeam "Slovenia"]
[WhiteTeamCountry "FRA"]
[BlackTeamCountry "SLO"]

1. e4 c5 2. Nf3 d6 3. d4 cxd4 4. Nxd4 Nf6 5. Nc3 a6 6. Be3 e5 7. Nb3 Be6 8. f3 h5 9. Nd5 Bxd5 10. exd5 Nbd7 11. Qd2 g6 12. O-O-O Nb6 13. Kb1 Nbxd5 14. Bg5 Be7 15. g3 a5 16. a4 O-O 17. h4 Nb4 18. Bxf6 Bxf6 19. c3 Nc6 20. Qd3 d5 21. Qxd5 Be7 22. Qxd8 Rfxd8 23. Bb5 Bd6 24. Rd3 Bc7 25. Rxd8+ Nxd8 26. Nc5 Ne6 27. Nxe6 fxe6 28. Bd3 Kf7 29. Be4 Rb8 30. Rd1 Ke7 31. g4 Rf8 32. gxh5 gxh5 33. Bxb7 Rf4 34. Bc6 Bb6 35. Rh1 Kd6 36. Be4 Bd8 37. Kc2 Rxh4 38. Rd1+ Ke7 39. b4 Rf4 40. Kb3 Bb6 41. Kc4 h4 42. Kb5 Bf2 43. Kxa5 h3 44. Rh1 Rh4 1-0

[Event "ETCC Open 2023"]
[Site "Budva"]
[Date "2023.11.17"]
[Round "6.30"]
[White "Subelj, Jan"]
[Black "Fressinet, Laurent"]
[Result "0-1"]
[WhiteElo "2513"]
[BlackElo "2640"]
[Annotator "TA"]
[PlyCount "102"]
[EventDate "2023.11.10"]
[EventType "team-tourn"]
[EventCountry "MNE"]
[SourceTitle "playchess.com"]
[Source "ChessBase"]
[SourceQuality "1"]
[WhiteTeam "Slovenia"]
[BlackTeam "France"]
[WhiteTeamCountry "SLO"]
[BlackTeamCountry "FRA"]

1. e4 e5 2. Nf3 Nc6 3. Bc4 Nf6 4. d3 Bc5 5. c3 d6 6. O-O a5 7. Re1 Ba7 8. Na3 O-O 9. h3 Ne7 10. Nb5 Bb8 11. a4 c6 12. Na3 Ng6 13. Bb3 Re8 14. Be3 d5 15. Qc2 h6 16. Rad1 Be6 17. exd5 cxd5 18. Nb5 Qc8 19. Nh2 Ra6 20. Qe2 Nh4 21. Kh1 e4 22. Qf1 Nf5 23. Nd4 Rb6 24. Nb5 Nxe3 25. Rxe3 Bxh2 26. Kxh2 Qb8+ 27. Rg3 Nh5 28. Qe2 Nxg3 29. fxg3 d4 30. Bxe6 Rbxe6 31. Nxd4 exd3 32. Qf2 Re3 33. Nf5 Re2 34. Qf3 Qe5 35. Rxd3 Qe4 36. Qxe4 R8xe4 37. b3 Rb2 38. Rd8+ Kh7 39. Nd4 Re1 40. Rd7 Rf1 41. g4 Rff2 42. Kg3 Rxg2+ 43. Kf4 b6 44. Ke4 Rgf2 45. Rd6 Rf6 46. Rxf6 gxf6 47. Kd5 f5 48. gxf5 Rh2 49. Kc6 Rxh3 50. Nb5 h5 51. Kxb6 h4 0-1

[Event "ETCC Open 2023"]
[Site "Budva"]
[Date "2023.11.17"]
[Round "6.31"]
[White "Lagarde, Maxime"]
[Black "Sebenik, Matej"]
[Result "1-0"]
[WhiteElo "2629"]
[BlackElo "2531"]
[Annotator "TA"]
[PlyCount "53"]
[EventDate "2023.11.10"]
[EventType "team-tourn"]
[EventCountry "MNE"]
[SourceTitle "playchess.com"]
[Source "ChessBase"]
[SourceQuality "1"]
[WhiteTeam "France"]
[BlackTeam "Slovenia"]
[WhiteTeamCountry "FRA"]
[BlackTeamCountry "SLO"]

1. e4 c5 2. Nf3 Nc6 3. Bb5 g6 4. c3 Nf6 5. Qe2 e5 6. O-O Bg7 7. d4 cxd4 8. cxd4 exd4 9. e5 Nd5 10. Bg5 Qc7 11. Qc4 Ndb4 12. Nbd2 O-O 13. Be7 d5 14. exd6 Qb6 15. Rfe1 Bf5 16. Bxc6 bxc6 17. Bxf8 Rxf8 18. Re7 Bd3 19. Qb3 Bc2 20. Qa3 a6 21. Nc4 Qc5 22. Nfd2 d3 23. Rae1 Bd4 24. R7e5 Bxf2+ 25. Kf1 Nd5 26. Qxc5 Bxc5 27. d7 1-0

[Event "ETCC Open 2023"]
[Site "Budva"]
[Date "2023.11.17"]
[Round "6.32"]
[White "Skoberne, Jure"]
[Black "Maurizzi, Marc`Andria"]
[Result "*"]
[WhiteElo "2538"]
[BlackElo "2572"]
[Annotator "RC"]
[PlyCount "87"]
[EventDate "2023.11.10"]
[EventType "team-tourn"]
[EventCountry "MNE"]
[SourceTitle "playchess.com"]
[Source "ChessBase"]
[SourceQuality "1"]
[WhiteTeam "Slovenia"]
[BlackTeam "France"]
[WhiteTeamCountry "SLO"]
[BlackTeamCountry "FRA"]

1. d4 Nf6 2. Nf3 c6 3. c3 d5 4. Qc2 g6 5. h3 Bf5 6. Qb3 Qc7 7. Ne5 Ne4 8. Bf4 f6 9. g4 Bc8 10. e3 Qd8 11. Nd3 Nd7 12. f3 e5 13. fxe4 dxe4 14. Bg3 exd3 15. Nd2 Qe7 16. O-O-O e4 17. Bh4 Nb6 18. Bg2 Be6 19. c4 Nxc4 20. Nxc4 Qf7 21. Bxe4 Bxc4 22. Qc3 Be7 23. b3 Bd5 24. Bxd5 cxd5 25. Qxd3 O-O 26. e4 dxe4 27. Qxe4 Rfe8 28. Qf3 Ba3+ 29. Kb1 g5 30. Be1 Rac8 31. Qd3 Qg6 32. Qxg6+ hxg6 33. Bd2 Rcd8 34. Rhe1 Rxe1 35. Bxe1 Bd6 36. Kc2 Kf7 37. d5 Rc8+ 38. Kd2 Rh8 39. Bf2 Rxh3 40. Bxa7 Rh2+ 41. Kd3 Rxa2 42. Bd4 Rg2 43. Re1 Rg3+ 44. Kc2 *

[Event "ETCC Open 2023"]
[Site "Budva"]
[Date "2023.11.17"]
[Round "6.33"]
[White "Vocaturo, Daniele"]
[Black "Navara, David"]
[Result "1/2-1/2"]
[WhiteElo "2632"]
[BlackElo "2695"]
[Annotator "TA"]
[PlyCount "69"]
[EventDate "2023.11.10"]
[EventType "team-tourn"]
[EventCountry "MNE"]
[SourceTitle "playchess.com"]
[Source "ChessBase"]
[SourceQuality "1"]
[WhiteTeam "Italy"]
[BlackTeam "Czech Republic"]
[WhiteTeamCountry "ITA"]
[BlackTeamCountry "CZE"]

1. e4 e5 2. Nf3 Nc6 3. Bc4 Bc5 4. d3 Nf6 5. Nc3 h6 6. h3 a6 7. Be3 d6 8. a3 Bxe3 9. fxe3 Be6 10. Rf1 O-O 11. g4 Nxe4 12. Nxe4 d5 13. Bxd5 Bxd5 14. Ng3 a5 15. e4 Be6 16. Qd2 Nd4 17. Nxd4 exd4 18. Nf5 Ra6 19. Qf4 c5 20. O-O-O Qg5 21. h4 Qxf4+ 22. Rxf4 a4 23. g5 Kh7 24. Rg1 h5 25. Rgf1 Rd8 26. Ng3 c4 27. Nxh5 cxd3 28. cxd3 Rc8+ 29. Kb1 Bb3 30. R4f2 Rac6 31. Nf4 Bc2+ 32. Ka1 Bb3 33. Kb1 Bc2+ 34. Ka1 Bb3 35. Kb1 1/2-1/2

[Event "ETCC Open 2023"]
[Site "Budva"]
[Date "2023.11.17"]
[Round "6.34"]
[White "Nguyen, Thai Dai Van"]
[Black "Moroni, Luca Jr"]
[Result "1/2-1/2"]
[WhiteElo "2624"]
[BlackElo "2575"]
[Annotator "TA"]
[PlyCount "68"]
[EventDate "2023.11.10"]
[EventType "team-tourn"]
[EventCountry "MNE"]
[SourceTitle "playchess.com"]
[Source "ChessBase"]
[SourceQuality "1"]
[WhiteTeam "Czech Republic"]
[BlackTeam "Italy"]
[WhiteTeamCountry "CZE"]
[BlackTeamCountry "ITA"]

1. e4 c6 2. d4 d5 3. e5 Bf5 4. Nf3 e6 5. Be2 Nd7 6. O-O Ne7 7. c3 h6 8. a4 a5 9. Na3 Bg6 10. Nh4 Bh7 11. f4 Nf5 12. Nxf5 Bxf5 13. Nc2 h5 14. Ne3 g6 15. Nxf5 exf5 16. c4 Nb6 17. b3 Bb4 18. Bd2 Qe7 19. c5 Bxd2 20. Qxd2 Nd7 21. b4 axb4 22. Rfb1 Ra7 23. Rxb4 O-O 24. Rab1 Rb8 25. Bd1 Nf8 26. Rb6 Nd7 27. R6b4 Nf8 28. Rb6 Nd7 29. R6b2 Nf8 30. Bc2 Kg7 31. Rb6 Nd7 32. R6b4 Nf8 33. Rb6 Nd7 34. R6b4 Nf8 1/2-1/2

[Event "ETCC Open 2023"]
[Site "Budva"]
[Date "2023.11.17"]
[Round "6.35"]
[White "Sonis, Francesco"]
[Black "Zilka, Stepan"]
[Result "0-1"]
[WhiteElo "2564"]
[BlackElo "2609"]
[Annotator "TA"]
[PlyCount "138"]
[EventDate "2023.11.10"]
[EventType "team-tourn"]
[EventCountry "MNE"]
[SourceTitle "playchess.com"]
[Source "ChessBase"]
[SourceQuality "1"]
[WhiteTeam "Italy"]
[BlackTeam "Czech Republic"]
[WhiteTeamCountry "ITA"]
[BlackTeamCountry "CZE"]

1. d4 d5 2. c4 e6 3. Nc3 Nf6 4. cxd5 exd5 5. Bg5 Bb4 6. e3 h6 7. Bh4 g5 8. Bg3 Ne4 9. Qc2 h5 10. Bd3 h4 11. Be5 f6 12. Bxe4 dxe4 13. Qxe4 fxe5 14. Qxe5+ Kf7 15. Nf3 Rh5 16. Qe4 Nc6 17. h3 Qf6 18. Nh2 Qf5 19. O-O Bxc3 20. Qxf5+ Bxf5 21. bxc3 Bd3 22. Rfd1 Bc4 23. Rdb1 b6 24. f3 Rhh8 25. e4 Rhe8 26. Ng4 Rad8 27. Rb2 Na5 28. Rf2 Kg7 29. Re1 Be6 30. Ne5 Nc4 31. Nd3 c5 32. d5 Bf7 33. Rfe2 Ne5 34. Nxe5 Rxe5 35. c4 Be8 36. a4 Rd6 37. Rb2 Kf6 38. Kf2 Re7 39. Ra2 Ke5 40. Ke3 Rf6 41. Rb1 a6 42. Rg1 Ref7 43. Rf2 Rg6 44. Ra2 Bd7 45. Rb1 Rff6 46. Rg1 Rf4 47. Rb1 Rgf6 48. Rh1 Be8 49. Rg1 Bg6 50. Re2 g4 51. hxg4 h3 52. g5 Rf8 53. Rf2 Bxe4 54. gxh3 Rxf3+ 55. Rxf3 Rxf3+ 56. Ke2 Rxh3 57. g6 Rh8 58. Rg3 Rg8 59. g7 a5 60. Kd2 Bf5 61. Ke3 Bc2 62. Rg5+ Kf6 63. Rg2 Bxa4 64. Rb2 b5 65. cxb5 Rxg7 66. b6 Bb3 67. d6 a4 68. Rd2 Ke6 69. Rd3 Bd5 0-1

[Event "ETCC Open 2023"]
[Site "Budva"]
[Date "2023.11.17"]
[Round "6.37"]
[White "Saric, Ivan"]
[Black "Grandelius, Nils"]
[Result "1/2-1/2"]
[WhiteElo "2659"]
[BlackElo "2688"]
[Annotator "TA"]
[PlyCount "69"]
[EventDate "2023.11.10"]
[EventType "team-tourn"]
[EventCountry "MNE"]
[SourceTitle "playchess.com"]
[Source "ChessBase"]
[SourceQuality "1"]
[WhiteTeam "Croatia"]
[BlackTeam "Sweden"]
[WhiteTeamCountry "CRO"]
[BlackTeamCountry "SWE"]

1. e4 e5 2. Nf3 Nc6 3. Bc4 Nf6 4. d3 d5 5. exd5 Nxd5 6. O-O Nb6 7. Bb5 Bd6 8. Bxc6+ bxc6 9. Nxe5 Bxe5 10. Re1 Qe7 11. Kh1 Bb7 12. f4 O-O-O 13. Qg4+ Nd7 14. Rxe5 Qb4 15. Nc3 Rhe8 16. Rxe8 Rxe8 17. Qd1 Nf6 18. h3 c5 19. Bd2 Qd4 20. Qf1 c4 21. Re1 Rxe1 22. Bxe1 cxd3 23. Qxd3 Qxd3 24. cxd3 Nd5 25. Nxd5 Bxd5 26. a3 g6 27. Kg1 h5 28. Kf2 a6 29. g4 hxg4 30. hxg4 Kd7 31. Kg3 Bb3 32. Kh4 Bc2 33. d4 Ke6 34. Kg5 c6 35. Bc3 1/2-1/2

[Event "ETCC Open 2023"]
[Site "Budva"]
[Date "2023.11.17"]
[Round "6.38"]
[White "Blomqvist, Erik"]
[Black "Brkic, Ante"]
[Result "0-1"]
[WhiteElo "2520"]
[BlackElo "2622"]
[Annotator "TA"]
[PlyCount "78"]
[EventDate "2023.11.10"]
[EventType "team-tourn"]
[EventCountry "MNE"]
[SourceTitle "playchess.com"]
[Source "ChessBase"]
[SourceQuality "1"]
[WhiteTeam "Sweden"]
[BlackTeam "Croatia"]
[WhiteTeamCountry "SWE"]
[BlackTeamCountry "CRO"]

1. e4 c5 2. Nc3 d6 3. Bb5+ Bd7 4. Bxd7+ Qxd7 5. d4 cxd4 6. Qxd4 Nc6 7. Qd3 g6 8. Nf3 Bg7 9. O-O Nf6 10. Nd5 O-O 11. Bg5 Ne8 12. Rad1 e6 13. Ne3 h6 14. Bh4 f5 15. exf5 gxf5 16. c3 Qf7 17. Rfe1 Rc8 18. Nc4 d5 19. Nce5 Nxe5 20. Nxe5 Bxe5 21. Rxe5 Rc4 22. Bg3 f4 23. Bh4 f3 24. Bg3 Ng7 25. Qe3 Qg6 26. gxf3 Rcf4 27. Kh1 Rxf3 28. Qxa7 Qc2 29. Rg1 Qxb2 30. Re3 R3f5 31. Be5 Rg5 32. Reg3 Rxg3 33. Bxg3 Qxc3 34. Qxb7 Qf3+ 35. Rg2 Qd1+ 36. Rg1 Qf3+ 37. Rg2 Rf7 38. Qc8+ Kh7 39. Be5 d4 0-1

[Event "ETCC Open 2023"]
[Site "Budva"]
[Date "2023.11.17"]
[Round "6.39"]
[White "Martinovic, Sasa"]
[Black "Sorensen, Hampus"]
[Result "*"]
[WhiteElo "2542"]
[BlackElo "2479"]
[Annotator "RC"]
[PlyCount "88"]
[EventDate "2023.11.10"]
[EventType "team-tourn"]
[EventCountry "MNE"]
[SourceTitle "playchess.com"]
[Source "ChessBase"]
[SourceQuality "1"]
[WhiteTeam "Croatia"]
[BlackTeam "Sweden"]
[WhiteTeamCountry "CRO"]
[BlackTeamCountry "SWE"]

1. d4 d5 2. c4 e6 3. Nf3 Nf6 4. g3 Be7 5. Bg2 O-O 6. O-O c6 7. Nc3 a5 8. b3 b6 9. Bb2 Ba6 10. Nd2 b5 11. c5 b4 12. Na4 Nbd7 13. Re1 Bb5 14. e4 dxe4 15. Nxe4 Nxe4 16. Bxe4 Nf6 17. Bf3 Nd5 18. Qc2 Bf6 19. Rad1 Ra7 20. h4 Rd7 21. Kg2 g6 22. h5 Bxa4 23. bxa4 Nc3 24. Bxc3 bxc3 25. Qxc3 Rxd4 26. Qc2 Qc7 27. Rxd4 Bxd4 28. Qe4 Bxc5 29. Rc1 Qa7 30. Rc2 Rc8 31. Bg4 Rc7 32. hxg6 hxg6 33. Bxe6 Kf8 34. Rd2 Be7 35. Qf4 Bb4 36. Rd8+ Ke7 37. Rc8 Rb7 38. Qxf7+ Kd6 39. Qxg6 Rg7 40. Rd8+ Kc5 41. Qd3 Kb6 42. a3 Bc5 43. Qb3+ Kc7 44. Rc8+ Kd6 *

[Event "ETCC Open 2023"]
[Site "Budva"]
[Date "2023.11.17"]
[Round "6.40"]
[White "Kucuksari, Kaan"]
[Black "Livaic, Leon"]
[Result "1/2-1/2"]
[WhiteElo "2474"]
[BlackElo "2553"]
[Annotator "RC"]
[PlyCount "248"]
[EventDate "2023.11.10"]
[EventType "team-tourn"]
[EventCountry "MNE"]
[SourceTitle "playchess.com"]
[Source "ChessBase"]
[SourceQuality "1"]
[WhiteTeam "Sweden"]
[BlackTeam "Croatia"]
[WhiteTeamCountry "SWE"]
[BlackTeamCountry "CRO"]

1. d4 Nf6 2. c4 e6 3. g3 c5 4. d5 exd5 5. cxd5 d6 6. Nc3 g6 7. Nf3 Bg7 8. Bg2 O-O 9. O-O Re8 10. Bf4 Na6 11. Re1 Bg4 12. h3 Bxf3 13. Bxf3 Nd7 14. Ne4 Ne5 15. Bg2 h6 16. g4 b5 17. Qc1 Kh7 18. g5 h5 19. a4 bxa4 20. Bd2 Qe7 21. Rxa4 Nc7 22. b4 c4 23. Ra5 Rec8 24. f4 Nd7 25. Qxc4 a6 26. Qd3 Nb5 27. e3 Nb6 28. Ra2 Nc4 29. Bc1 Nb6 30. Bb2 Rc4 31. Nf6+ Kh8 32. f5 Rxb4 33. fxg6 Rxb2 34. Rxb2 Bxf6 35. gxf6 Qxf6 36. Rf2 Qxg6 37. Qb3 Nd7 38. Kh1 Ne5 39. e4 Rc8 40. Rc2 Rxc2 41. Qxc2 Qg3 42. Rf1 Kg7 43. Qe2 h4 44. Qb2 Kh7 45. Qa1 Na3 46. Qe1 Qxe1 47. Rxe1 a5 48. Ra1 Nac4 49. Ra2 Kg6 50. Bf1 Ne3 51. Be2 Kg5 52. Rxa5 Kf4 53. Ra4 Nd7 54. Ra7 Ne5 55. Ra4 Nd7 56. e5+ Kxe5 57. Rxh4 Nxd5 58. Rh7 Kf6 59. Bc4 Kg6 60. Bd3+ Kf6 61. Bc4 Kg6 62. Rh4 Ne3 63. Bd3+ f5 64. Rd4 d5 65. Kg1 Nc5 66. Kf2 Ne6 67. Rb4 d4 68. Rb6 Kf6 69. Kf3 Nd5 70. Rb5 Ng5+ 71. Kg3 Ne3 72. h4 Ne4+ 73. Kf3 Nd6 74. Rc5 Nf7 75. Kf4 Ne5 76. Be2 Ng6+ 77. Kg3 f4+ 78. Kh3 Ne5 79. Rc8 d3 80. Bh5 Kf5 81. Rd8 Ke4 82. Kh2 Nf5 83. Kg1 Nxh4 84. Kf2 Nf5 85. Bd1 Ne3 86. Bh5 Nd5 87. Ra8 Kd4 88. Bf3 d2 89. Bd1 Ne3 90. Rd8+ Kc3 91. Ke2 Nxd1 92. Kxd1 Nd3 93. Rc8+ Kd4 94. Kxd2 Ne5 95. Ra8 Ke4 96. Ke2 f3+ 97. Kf2 Nd3+ 98. Kg3 f2 99. Re8+ Kd4 100. Kg2 Kc3 101. Kf1 Kd2 102. Re2+ Kc3 103. Ra2 Kd4 104. Rd2 Ke3 105. Rc2 Kf3 106. Re2 Kf4 107. Kg2 Ne5 108. Rxf2+ Ke4 109. Kg3 Nd3 110. Rf8 Ne5 111. Re8 Kf5 112. Kf2 Ke4 113. Re7 Kf4 114. Ra7 Ke4 115. Ra4+ Kd5 116. Rh4 Nc4 117. Ke2 Ne5 118. Ke3 Nc4+ 119. Kf4 Kd4 120. Rh8 Kd5 121. Rh1 Kd4 122. Rd1+ Kc5 123. Ke4 Nd6+ 124. Ke5 Nc4+ 1/2-1/2

[Event "ETCC Open 2023"]
[Site "Budva"]
[Date "2023.11.17"]
[Round "6.41"]
[White "Rodshtein, Maxim"]
[Black "Pechac, Jergus"]
[Result "*"]
[WhiteElo "2582"]
[BlackElo "2580"]
[Annotator "RC"]
[PlyCount "62"]
[EventDate "2023.11.10"]
[EventType "team-tourn"]
[EventCountry "MNE"]
[SourceTitle "playchess.com"]
[Source "ChessBase"]
[SourceQuality "1"]
[WhiteTeam "Israel"]
[BlackTeam "Slovakia"]
[WhiteTeamCountry "ISR"]
[BlackTeamCountry "SVK"]

1. d4 Nf6 2. c4 e6 3. Nc3 Bb4 4. e3 d5 5. a3 Be7 6. cxd5 exd5 7. Bd3 Nbd7 8. Nge2 Nf8 9. O-O Ne6 10. Bd2 O-O 11. Kh1 a6 12. Rc1 Re8 13. Be1 b6 14. f3 c5 15. Bf2 Bb7 16. Bb1 Rc8 17. Qd2 Qd7 18. Rcd1 a5 19. Rfe1 Bc6 20. Bf5 Qb7 21. Nf4 Bd7 22. dxc5 Nxf4 23. Bxd7 Qxd7 24. exf4 Bxc5 25. Bh4 Rxe1+ 26. Rxe1 Re8 27. Rd1 Be3 28. Qd3 d4 29. Bxf6 gxf6 30. Ne4 Qf5 31. g3 Rc8 *

[Event "ETCC Open 2023"]
[Site "Budva"]
[Date "2023.11.17"]
[Round "6.42"]
[White "Gazik, Viktor"]
[Black "Kobo, Ori"]
[Result "1-0"]
[WhiteElo "2547"]
[BlackElo "2556"]
[Annotator "RC"]
[PlyCount "127"]
[EventDate "2023.11.10"]
[EventType "team-tourn"]
[EventCountry "MNE"]
[SourceTitle "playchess.com"]
[Source "ChessBase"]
[SourceQuality "1"]
[WhiteTeam "Slovakia"]
[BlackTeam "Israel"]
[WhiteTeamCountry "SVK"]
[BlackTeamCountry "ISR"]

1. e4 c5 2. Nf3 Nc6 3. Bb5 g6 4. O-O Bg7 5. c3 Nf6 6. Re1 O-O 7. h3 e5 8. d3 d6 9. a3 Qc7 10. Be3 Qb6 11. Qa4 Bd7 12. b4 a6 13. Bxc6 Bxc6 14. Qc2 Qc7 15. c4 cxb4 16. axb4 b5 17. Nc3 Rfb8 18. Reb1 Bd7 19. Qb3 Rc8 20. Nd2 Be6 21. Nd5 Nxd5 22. exd5 Bd7 23. c5 f5 24. f4 Qd8 25. fxe5 Bxe5 26. Ra2 Be8 27. Nf3 Bf6 28. d4 Bf7 29. Rd1 Kh8 30. Bf4 Qg8 31. Rad2 Bxd5 32. Qa3 dxc5 33. dxc5 Bb3 34. Rb1 Bd5 35. Be5 Bxe5 36. Nxe5 Qe6 37. Qc3 Kg8 38. Rbd1 Rd8 39. Nf3 Ra7 40. Re1 Qc8 41. Red1 Qe6 42. c6 Rc7 43. Qe5 Rxc6 44. Qxe6+ Rxe6 45. Rxd5 Rxd5 46. Rxd5 Re4 47. Rd4 Re2 48. h4 Rb2 49. Ng5 h6 50. Nf3 Kg7 51. Kh2 Rb3 52. Rd7+ Kg8 53. Rd6 Kh7 54. Ne5 Rxb4 55. Rd7+ Kg8 56. Nxg6 a5 57. Ra7 a4 58. Ne7+ Kh8 59. Kg3 Rg4+ 60. Kf3 b4 61. Rxa4 b3 62. Ra8+ Kh7 63. Rb8 Rxh4 64. Nxf5 1-0

[Event "ETCC Open 2023"]
[Site "Budva"]
[Date "2023.11.17"]
[Round "6.43"]
[White "Nabaty, Tamir"]
[Black "Druska, Juraj"]
[Result "1-0"]
[WhiteElo "2632"]
[BlackElo "2472"]
[Annotator "TA"]
[PlyCount "83"]
[EventDate "2023.11.10"]
[EventType "team-tourn"]
[EventCountry "MNE"]
[SourceTitle "playchess.com"]
[Source "ChessBase"]
[SourceQuality "1"]
[WhiteTeam "Israel"]
[BlackTeam "Slovakia"]
[WhiteTeamCountry "ISR"]
[BlackTeamCountry "SVK"]

1. d4 d5 2. Nf3 c6 3. c4 e6 4. e3 Bd6 5. Bd3 f5 6. O-O Nf6 7. b3 Qe7 8. a4 a5 9. Ba3 Na6 10. Bxd6 Qxd6 11. c5 Qe7 12. Bxa6 Rxa6 13. Ne5 O-O 14. Nd2 Bd7 15. Ndf3 Be8 16. Ne1 g5 17. N1d3 Bg6 18. f3 Kg7 19. Qd2 Nd7 20. Nxd7 Qxd7 21. f4 h6 22. Rfb1 Rc8 23. Ne5 Qe7 24. b4 axb4 25. Rxb4 Be8 26. a5 Rc7 27. Rb6 Ra7 28. h3 Qf6 29. Kh2 Kf8 30. Qf2 Kg8 31. Qg3 Rg7 32. a6 Rxa6 33. Raxa6 bxa6 34. Rb8 Kf8 35. Nxc6 g4 36. Ne5 h5 37. c6 h4 38. Qe1 g3+ 39. Kg1 Qe7 40. Qa5 Kg8 41. Qxa6 Kh7 42. Qa8 1-0

[Event "ETCC Open 2023"]
[Site "Budva"]
[Date "2023.11.17"]
[Round "6.44"]
[White "Haring, Filip"]
[Black "Smirin, Ilia"]
[Result "0-1"]
[WhiteElo "2446"]
[BlackElo "2578"]
[Annotator "RC"]
[PlyCount "118"]
[EventDate "2023.11.10"]
[EventType "team-tourn"]
[EventCountry "MNE"]
[SourceTitle "playchess.com"]
[Source "ChessBase"]
[SourceQuality "1"]
[WhiteTeam "Slovakia"]
[BlackTeam "Israel"]
[WhiteTeamCountry "SVK"]
[BlackTeamCountry "ISR"]

1. d4 Nf6 2. c4 g6 3. Nc3 Bg7 4. e4 d6 5. Nf3 O-O 6. Be2 e5 7. Be3 exd4 8. Nxd4 Re8 9. f3 c6 10. Bf2 d5 11. exd5 cxd5 12. O-O Nc6 13. c5 Nh5 14. Qd2 Be5 15. g3 Bh3 16. Rfd1 Nf6 17. Bb5 Rc8 18. Nce2 Bd7 19. Bxc6 bxc6 20. Rac1 h5 21. Rc3 h4 22. Qg5 hxg3 23. hxg3 Qa5 24. Kg2 Qxa2 25. Rh1 Nh7 26. Qh4 Nf8 27. Be3 Rb8 28. Bc1 Bg7 29. Rc2 Rb4 30. Bh6 Rxe2+ 31. Rxe2 Rxd4 32. Qe7 Be6 33. Bxg7 Kxg7 34. g4 Qc4 35. Rf2 Rf4 36. Qh4 f6 37. b3 Qd4 38. Ra2 a5 39. Kg3 g5 40. Qh8+ Kf7 41. Rh7+ Nxh7 42. Qxh7+ Kf8 43. Qh6+ Ke8 44. Qh8+ Ke7 45. Qg7+ Ke8 46. Qh8+ Kd7 47. Qg7+ Kc8 48. Qf8+ Kb7 49. Qe7+ Ka6 50. Qxe6 Qg1+ 51. Rg2 Qxc5 52. Qc8+ Kb5 53. Qb7+ Qb6 54. Qh7 Kb4 55. Qe7+ Qc5 56. Qe1+ Qc3 57. Qe7+ Kxb3 58. Qe2 a4 59. Rg1 Rxg4+ 0-1

[Event "ETCC Open 2023"]
[Site "Budva"]
[Date "2023.11.17"]
[Round "6.45"]
[White "Yilmaz, Mustafa"]
[Black "Schitco, Ivan"]
[Result "1/2-1/2"]
[WhiteElo "2650"]
[BlackElo "2503"]
[Annotator "TA"]
[PlyCount "81"]
[EventDate "2023.11.10"]
[EventType "team-tourn"]
[EventCountry "MNE"]
[SourceTitle "playchess.com"]
[Source "ChessBase"]
[SourceQuality "1"]
[WhiteTeam "Turkey"]
[BlackTeam "Moldova"]
[WhiteTeamCountry "TUR"]
[BlackTeamCountry "MDA"]

1. d4 Nf6 2. c4 e6 3. Nc3 Bb4 4. e3 O-O 5. Bd3 d5 6. a3 Bxc3+ 7. bxc3 c5 8. cxd5 exd5 9. Ne2 Nc6 10. f3 Re8 11. O-O c4 12. Bc2 b5 13. Ng3 h5 14. Qe1 a5 15. e4 h4 16. Nh1 h3 17. Bg5 Ne7 18. Rb1 hxg2 19. Kxg2 Nh7 20. Bd2 Qd7 21. Qg3 Ra6 22. e5 Nf8 23. Nf2 Nfg6 24. Kh1 Nf5 25. Qg5 Ngh4 26. Ng4 Rg6 27. Qh5 Qe7 28. Rxb5 Qxa3 29. Rb8 Qa2 30. Rc1 Bd7 31. Rb7 Ba4 32. Bxf5 Qxd2 33. Rg1 Bd1 34. Nf6+ gxf6 35. Rxg6+ Nxg6 36. Bxg6 Qe1+ 37. Kg2 Qe2+ 38. Kg3 Qe1+ 39. Kg2 Qe2+ 40. Kg3 Qe1+ 41. Kg2 1/2-1/2

[Event "ETCC Open 2023"]
[Site "Budva"]
[Date "2023.11.17"]
[Round "6.46"]
[White "Macovei, Andrei"]
[Black "Sanal, Vahap"]
[Result "1/2-1/2"]
[WhiteElo "2446"]
[BlackElo "2608"]
[Annotator "TA"]
[PlyCount "67"]
[EventDate "2023.11.10"]
[EventType "team-tourn"]
[EventCountry "MNE"]
[SourceTitle "playchess.com"]
[Source "ChessBase"]
[SourceQuality "1"]
[WhiteTeam "Moldova"]
[BlackTeam "Turkey"]
[WhiteTeamCountry "MDA"]
[BlackTeamCountry "TUR"]

1. e4 c5 2. Nf3 e6 3. d4 cxd4 4. Nxd4 a6 5. c4 Nf6 6. Nc3 Qc7 7. a3 b6 8. f4 Bb7 9. Bd3 d6 10. Be3 Nbd7 11. Qf3 g6 12. O-O Bg7 13. Rac1 O-O 14. b4 Rac8 15. Qh3 Qb8 16. g4 Qa8 17. g5 Nxe4 18. Nxe6 fxe6 19. Nxe4 Bxe4 20. Qxe6+ Kh8 21. Bxe4 Rce8 22. Qxd7 Qxe4 23. Bxb6 Rb8 24. Rce1 Qxc4 25. Be3 Qd3 26. Ba7 Ra8 27. Bb6 Rab8 28. Rd1 Qxa3 29. Qxd6 Rfe8 30. Rfe1 Qf3 31. Bd4 Qg4+ 32. Kh1 Qf3+ 33. Kg1 Qg4+ 34. Kh1 1/2-1/2

[Event "ETCC Open 2023"]
[Site "Budva"]
[Date "2023.11.17"]
[Round "6.47"]
[White "Ali Marandi, Cemil Can"]
[Black "Bologan, Victor"]
[Result "1/2-1/2"]
[WhiteElo "2544"]
[BlackElo "2574"]
[Annotator "RC"]
[PlyCount "124"]
[EventDate "2023.11.10"]
[EventType "team-tourn"]
[EventCountry "MNE"]
[SourceTitle "playchess.com"]
[Source "ChessBase"]
[SourceQuality "1"]
[WhiteTeam "Turkey"]
[BlackTeam "Moldova"]
[WhiteTeamCountry "TUR"]
[BlackTeamCountry "MDA"]

1. d4 Nf6 2. Nc3 d5 3. Bf4 g6 4. e3 Bg7 5. h4 h5 6. Nf3 c6 7. Ne5 Qb6 8. Na4 Qa5+ 9. c3 Nbd7 10. b4 Qd8 11. Bd3 Ng4 12. Nxd7 Bxd7 13. f3 Nh6 14. Nc5 b6 15. Nxd7 Qxd7 16. e4 dxe4 17. Bxe4 Rc8 18. Qd2 Nf5 19. Rd1 O-O 20. Be5 Nd6 21. Bxg7 Kxg7 22. O-O Qe6 23. Rfe1 Qf6 24. Qf2 Rfd8 25. Bc2 Nb5 26. Rd3 e6 27. Re5 Nd6 28. Rd1 Nc4 29. Rg5 c5 30. bxc5 bxc5 31. Be4 Nb6 32. Kh2 cxd4 33. cxd4 Rc4 34. Qg3 Kh6 35. Ra5 Rd7 36. Rd3 Kg7 37. Rxh5 Rdxd4 38. Rxd4 Rxd4 39. Rg5 Nc4 40. Qc7 Kh6 41. Qb8 Rd8 42. Qc7 Nd2 43. Qe5 Qxe5+ 44. Rxe5 Nc4 45. Rc5 Rd4 46. g4 f5 47. g5+ Kg7 48. Rc7+ Kf8 49. Ba8 a5 50. Kg3 e5 51. Rc8+ Ke7 52. Rc7+ Kd8 53. Rg7 f4+ 54. Kh3 Ne3 55. Rxg6 Rd1 56. Kh2 Rd2+ 57. Kg1 Rg2+ 58. Kh1 Rf2 59. h5 Rf1+ 60. Kh2 Rf2+ 61. Kh1 Rf1+ 62. Kh2 Rf2+ 1/2-1/2

[Event "ETCC Open 2023"]
[Site "Budva"]
[Date "2023.11.17"]
[Round "6.48"]
[White "Iordachescu, Viorel"]
[Black "Yilmazyerli, Mert"]
[Result "1/2-1/2"]
[WhiteElo "2586"]
[BlackElo "2533"]
[Annotator "RC"]
[PlyCount "69"]
[EventDate "2023.11.10"]
[EventType "team-tourn"]
[EventCountry "MNE"]
[SourceTitle "playchess.com"]
[Source "ChessBase"]
[SourceQuality "1"]
[WhiteTeam "Moldova"]
[BlackTeam "Turkey"]
[WhiteTeamCountry "MDA"]
[BlackTeamCountry "TUR"]

1. d4 d5 2. c4 e6 3. Nc3 Nf6 4. cxd5 exd5 5. Bg5 Be7 6. e3 h6 7. Bh4 Bg4 8. Qb3 Nc6 9. Be2 Bxe2 10. Ngxe2 Na5 11. Qc2 Nc4 12. e4 Nb6 13. e5 Nfd7 14. Bg3 O-O 15. O-O c5 16. Rad1 Rc8 17. Qf5 cxd4 18. Nxd4 Bb4 19. Nce2 Re8 20. Nf3 Bf8 21. Nf4 Nc5 22. b3 Qd7 23. Qb1 Ne6 24. a4 Nxf4 25. Bxf4 Na8 26. Be3 b6 27. h3 Nc7 28. Qd3 Rcd8 29. a5 bxa5 30. Bxa7 Qc6 31. Be3 Ne6 32. Nd4 Nxd4 33. Bxd4 Rb8 34. Qf3 Rb4 35. Rd3 1/2-1/2